Blocs/objets qui peuvent être colorés dans Minecraft - Statistiques

Statistiques générales
  • Ce quiz a été pris 59 fois
    54 depuis la dernière actualisation
  • Le résultat moyen est 6 sur 14
Statistiques - réponses
Blocs/objets % Correct
Laine
91%
Lit
76%
Béton
59%
Bannière
54%
Verre
54%
Tapis
50%
Armure en cuir
48%
Vitre
46%
Béton en poudre
37%
Terre cuite
37%
Boîte de shulker
24%
Sac
17%
Bougie
13%
Terre cuite émaillée
11%
Aucun quiz correspondant
Distribution des résultats
% des personnes avec chaque résultat
Percentile par nombre de réponses
Votre historique - résultats
Vous n’avez pas pris ce quiz depuis la dernière actualisation